[Event "VII Festival Magistrale"]
[Site "Montecatini Terme ITA"]
[Date "1998.08.07"]
[Round "7"]
[White "Gorgs, Alfred"]
[Black "Arnold, Johannes"]
[Result "0-1"]
[WhiteElo "2185"]
[BlackElo "2325"]
[PlyCount "48"]
[EventDate "1998.08.01"]

1.e4 c5 2.Nf3 Nc6 3.d4 cxd4 4.Nxd4 Nf6 5.Nc3 d6 6.Be2 g6 7.Be3 Bg7 8.Nb3 
O-O 9.f4 a6 10.Bf3 Be6 11.O-O Rc8 12.Qd2 Bg4 13.Qf2 b5 14.Rad1 Bxf3 15.
Qxf3 Qc7 16.Nd5 Nxd5 17.exd5 Na5 18.Nd4 Nc4 19.Bc1 Qc5 20.c3 b4 21.Kh1 
bxc3 22.bxc3 Nb6 23.Nc6 Nxd5 24.Qxd5 Rxc6 0-1

[Event "VII Festival Magistrale"]
[Site "Montecatini Terme ITA"]
[Date "1998.08.07"]
[Round "7"]
[White "Gritsch, Christoph"]
[Black "Stoll, Thomas"]
[Result "1/2-1/2"]
[WhiteElo "2175"]
[BlackElo "2280"]
[PlyCount "37"]
[EventDate "1998.08.01"]

1.e4 c5 2.c3 Nf6 3.e5 Nd5 4.d4 cxd4 5.Nf3 e6 6.cxd4 d6 7.Nc3 Nc6 8.exd6 
Qxd6 9.Nxd5 Qxd5 10.Be2 Be7 11.O-O Bf6 12.Be3 O-O 13.Qd2 Rd8 14.Rfd1 b6 
15.Rac1 Bb7 16.Bc4 Qh5 17.Be2 Qd5 18.Bc4 Qh5 19.Be2 1/2-1/2

[Event "VII Festival Magistrale"]
[Site "Montecatini Terme ITA"]
[Date "1998.08.07"]
[Round "7"]
[White "Guido, Flavio"]
[Black "Jansa, Vlastimil"]
[Result "1-0"]
[WhiteElo "2355"]
[BlackElo "2490"]
[PlyCount "122"]
[EventDate "1998.08.01"]

1. e4 d6 2. d4 Nf6 3. Nc3 Nbd7 4. Be3 e5 5. f3 c6 6. Nge2 Be7 7. g4 O-O 8. Qd2
b5 9. Ng3 exd4 10. Qxd4 Ne5 11. Be2 c5 12. Qd2 b4 13. Nd5 Nxd5 14. exd5 Ba6 15.
b3 Bf6 16. O-O Bxe2 17. Qxe2 Re8 18. Kh1 Ng6 19. Rad1 Qa5 20. Ne4 Rxe4 21. fxe4
Qxa2 22. Rf2 Qa5 23. Rdf1 Rf8 24. Rxf6 gxf6 25. Qf2 Qd8 26. Qxf6 Qxf6 27. Rxf6
Rd8 28. h3 a5 29. Kg2 Kg7 30. Bg5 Rd7 31. Rf1 Ra7 32. Bf6+ Kf8 33. Ra1 Ke8 34.
Kf3 Nf8 35. e5 Nd7 36. Ke4 c4 37. bxc4 a4 38. Kd4 a3 39. g5 dxe5+ 40. Bxe5 Nxe5
41. Kxe5 Re7+ 42. Kd4 Re2 43. Kc5 Rxc2 44. Kxb4 a2 45. Kb3 Rg2 46. Rxa2 Rxg5
47. Kb4 f5 48. Kc5 f4 49. Rf2 Rf5 50. Kd6 f3 51. c5 Kd8 52. Ke6 Rf4 53. Ke5 Rf8
54. Ke4 Re8+ 55. Kxf3 Re5 56. Rd2 Kd7 57. Kf4 Rh5 58. Rd3 Rh4+ 59. Ke5 Rh5+ 60.
Kd4 Rh4+ 61. Kc3 Rf4 1-0

[Event "VII Festival Magistrale"]
[Site "Montecatini Terme ITA"]
[Date "1998.08.07"]
[Round "7"]
[White "Horvath, Jozsef"]
[Black "Sulava, Nenad"]
[Result "1/2-1/2"]
[WhiteElo "2530"]
[BlackElo "2380"]
[PlyCount "68"]
[EventDate "1998.08.01"]

1.c4 Nf6 2.Nc3 e6 3.Nf3 d5 4.d4 dxc4 5.e3 c5 6.Bxc4 Nc6 7.O-O Be7 8.Qe2 
cxd4 9.Rd1 O-O 10.exd4 Na5 11.Bd3 b6 12.Bg5 Bb7 13.Bc2 Nd5 14.Qe4 g6 15.
Qh4 f6 16.Bh6 Rf7 17.Qg3 Bd6 18.Qh3 Rc8 19.Qxe6 Nxc3 20.bxc3 Rxc3 21.Ne5 
fxe5 22.dxe5 Rxc2 23.Rxd6 Qe7 24.Rad1 Nc6 25.f3 Re2 26.Rxc6 Bxc6 27.Qxc6 
Rxe5 28.Qa8+ Rf8 29.Bxf8 Re1+ 30.Kf2 Qe3+ 31.Kg3 Qg5+ 32.Kf2 Qe3+ 33.Kg3 
Qg5+ 34.Kf2 Qe3+ 1/2-1/2

[Event "VII Festival Magistrale"]
[Site "Montecatini Terme ITA"]
[Date "1998.08.07"]
[Round "7"]
[White "Khmelnitsky, Sergei"]
[Black "Malakhov, Vladimir"]
[Result "0-1"]
[WhiteElo "2395"]
[BlackElo "2550"]
[PlyCount "68"]
[EventDate "1998.08.01"]

1.e4 c5 2.Nf3 g6 3.d4 Bg7 4.c4 Qa5+ 5.Nc3 Nf6 6.Bd2 cxd4 7.Nxd4 O-O 8.Nb3 
Qd8 9.Be2 Nc6 10.O-O d6 11.Be3 Be6 12.f3 Nd7 13.Qd2 a5 14.Nd5 a4 15.Nd4 
Bxd5 16.cxd5 Nxd4 17.Bxd4 Qa5 18.Rfd1 Bxd4+ 19.Qxd4 Rfc8 20.Rac1 Nc5 21.h4
Rc7 22.Rc4 b5 23.Rc3 Rac8 24.Rdc1 e5 25.dxe6 Nxe6 26.Qe3 Qb4 27.Rxc7 Rxc7 
28.Rd1 Rc2 29.b3 Rxa2 30.bxa4 bxa4 31.Rc1 Qd4 32.Qxd4 Nxd4 33.Rc8+ Kg7 34.
Bc4 Rc2 0-1

[Event "VII Festival Magistrale"]
[Site "Montecatini Terme ITA"]
[Date "1998.08.07"]
[Round "7"]
[White "Kleibaumhueter, Klaus"]
[Black "Mariotti, Sergio"]
[Result "1-0"]
[WhiteElo "2185"]
[BlackElo "2365"]
[PlyCount "57"]
[EventDate "1998.08.01"]

1.Nf3 Nf6 2.c4 c5 3.Nc3 g6 4.d4 cxd4 5.Nxd4 Bg7 6.e4 d6 7.Be2 O-O 8.O-O 
Nc6 9.Nc2 Nd7 10.Bd2 Nc5 11.b4 Ne6 12.Re1 Ned4 13.Nxd4 Bxd4 14.Rb1 Be6 15.
Nd5 Re8 16.Bg5 Bg7 17.Qd2 Rc8 18.Bf1 b6 19.Rbc1 Qd7 20.c5 bxc5 21.bxc5 Nd4
22.c6 Qd8 23.c7 Qd7 24.Ba6 Bxd5 25.Bxc8 Rxc8 26.exd5 Rxc7 27.Rxc7 Qxc7 28.
Rxe7 Qxe7 29.Bxe7 1-0

[Event "VII Festival Magistrale"]
[Site "Montecatini Terme ITA"]
[Date "1998.08.07"]
[Round "7"]
[White "Koroveshi, Thoma"]
[Black "Schwenk, Andreas"]
[Result "1-0"]
[WhiteElo "1993"]
[BlackElo "2215"]
[PlyCount "55"]
[EventDate "1998.08.01"]

1.d4 f5 2.c4 Nf6 3.g3 g6 4.Bg2 Bg7 5.Nf3 O-O 6.O-O d6 7.Nc3 Qe8 8.b3 e5 9.
dxe5 dxe5 10.Ba3 Rf7 11.Qc2 Nc6 12.Rad1 e4 13.Ng5 Rd7 14.Nb5 h6 15.Nh3 a6 
16.Rxd7 Qxd7 17.Rd1 Qf7 18.Nd4 Ne5 19.f3 g5 20.Nf2 e3 21.Nd3 Nxd3 22.Qxd3 
f4 23.Nf5 Be6 24.Ne7+ Kh8 25.Ng6+ Kg8 26.gxf4 Nh5 27.f5 Kh7 28.Ne7 1-0

[Event "VII Festival Magistrale"]
[Site "Montecatini Terme ITA"]
[Date "1998.08.07"]
[Round "7"]
[White "Laketic, Gojko"]
[Black "Palac, Mladen"]
[Result "1/2-1/2"]
[WhiteElo "2390"]
[BlackElo "2560"]
[PlyCount "43"]
[EventDate "1998.08.01"]

1.d4 Nf6 2.Nf3 d5 3.c4 dxc4 4.e3 Bg4 5.Bxc4 e6 6.Nc3 Nbd7 7.h3 Bh5 8.O-O 
Bb4 9.Qb3 c5 10.a3 Bxc3 11.bxc3 Qc7 12.Rb1 Rb8 13.a4 O-O 14.Ba3 Rfc8 15.
Nd2 Bg4 16.Rbc1 a6 17.Rfd1 Qa5 18.Kf1 b5 19.axb5 axb5 20.dxc5 Nxc5 21.Bxc5
Rxc5 22.Qb4 1/2-1/2

[Event "VII Festival Magistrale"]
[Site "Montecatini Terme ITA"]
[Date "1998.08.07"]
[Round "7"]
[White "Lanzani, Mario"]
[Black "Mariano, Elia"]
[Result "1-0"]
[WhiteElo "2395"]
[BlackElo "2250"]
[PlyCount "69"]
[EventDate "1998.08.01"]

1.e4 d5 2.exd5 Qxd5 3.Nc3 Qa5 4.d4 Nf6 5.Nf3 Bg4 6.h3 Bh5 7.g4 Bg6 8.Bg2 
e6 9.O-O Nbd7 10.Qe2 c6 11.Ne5 Bb4 12.Nxd7 Kxd7 13.Bf4 Nd5 14.Nxd5 exd5 
15.c3 Be7 16.h4 f6 17.Bh3 Rae8 18.g5+ Kd8 19.Qe6 f5 20.Bxf5 Bxf5 21.Qxf5 
Rhf8 22.Qg4 h5 23.Qg3 Rf5 24.Bd6 Kd7 25.Bxe7 Rxe7 26.Rae1 Qd8 27.Rxe7+ 
Qxe7 28.Qe3 Qf7 29.f4 g6 30.Kg2 Qe6 31.Qxe6+ Kxe6 32.Re1+ Kd7 33.Kf3 Rf8 
34.Re5 Kd6 35.f5 1-0

[Event "VII Festival Magistrale"]
[Site "Montecatini Terme ITA"]
[Date "1998.08.07"]
[Round "7"]
[White "Niederstaetter, Harald"]
[Black "De Waal, Ton"]
[Result "1/2-1/2"]
[WhiteElo "2100"]
[BlackElo "2275"]
[PlyCount "39"]
[EventDate "1998.08.01"]

1.c4 e5 2.Nc3 Nf6 3.g3 d5 4.cxd5 Nxd5 5.Bg2 Nb6 6.Nf3 Nc6 7.O-O Be7 8.a3 
Be6 9.b4 a5 10.b5 Nd4 11.Nxd4 exd4 12.Na4 Bd5 13.Nxb6 cxb6 14.a4 Bxg2 15.
Kxg2 Qd5+ 16.f3 O-O 17.e4 dxe3 18.dxe3 Qc4 19.Bb2 Rfd8 20.Qc1 1/2-1/2

[Event "VII Festival Magistrale"]
[Site "Montecatini Terme ITA"]
[Date "1998.08.07"]
[Round "7"]
[White "Stevic, Hrvoje"]
[Black "Simons, Rudy"]
[Result "1-0"]
[WhiteElo "2465"]
[BlackElo "2105"]
[PlyCount "59"]
[EventDate "1998.08.01"]

1.e4 c5 2.c3 g6 3.d4 cxd4 4.cxd4 d5 5.exd5 Nf6 6.Bb5+ Nbd7 7.d6 e6 8.Nc3 
a6 9.Ba4 b5 10.Bb3 Bb7 11.d5 e5 12.Nh3 Qb6 13.O-O b4 14.Na4 Qxd6 15.f4 e4 
16.f5 Bg7 17.Bf4 Ne5 18.Qd4 Nfd7 19.Qxe4 O-O 20.Kh1 Rfe8 21.fxg6 hxg6 22.
Rae1 a5 23.Ng5 Qa6 24.Bxe5 Rxe5 25.Qh4 Rxe1 26.Rxe1 Qf6 27.d6 Ne5 28.Bxf7+
Nxf7 29.Qh7+ Kf8 30.Ne6+ 1-0

[Event "VII Festival Magistrale"]
[Site "Montecatini Terme ITA"]
[Date "1998.08.07"]
[Round "7"]
[White "Tratar, Marko"]
[Black "De Kleuver, Esther"]
[Result "1-0"]
[WhiteElo "2450"]
[BlackElo "2220"]
[PlyCount "51"]
[EventDate "1998.08.01"]

1.Nf3 d5 2.d4 e6 3.c4 c6 4.Qc2 Nf6 5.g3 dxc4 6.Qxc4 b5 7.Qc2 Bb7 8.Bg2 
Nbd7 9.Ne5 Nxe5 10.dxe5 Nd7 11.O-O Rc8 12.Nc3 Qb6 13.a4 b4 14.a5 Qa6 15.
Ne4 c5 16.Rd1 Nxe5 17.Bf4 Ng6 18.Nd6+ Bxd6 19.Rxd6 Qb5 20.Bxb7 Qxb7 21.
Qa4+ Kf8 22.Rd7 Qa6 23.Bd6+ Kg8 24.Bxc5 Qxe2 25.Rc7 Rd8 26.Qd7 1-0

[Event "VII Festival Magistrale"]
[Site "Montecatini Terme ITA"]
[Date "1998.08.07"]
[Round "7"]
[White "Weclawski, Dorota"]
[Black "Gorelli Fagiolini, Marco"]
[Result "1-0"]
[WhiteElo "2045"]
[BlackElo "2235"]
[PlyCount "73"]
[EventDate "1998.08.01"]

1.d4 g6 2.Nf3 Nf6 3.c3 Bg7 4.Bg5 d6 5.Nbd2 Nbd7 6.e4 e5 7.dxe5 dxe5 8.Bc4 
O-O 9.Qe2 c6 10.O-O Qc7 11.b4 Re8 12.Rfd1 h6 13.Be3 Nf8 14.Ne1 Ng4 15.Bb3 
Nxe3 16.Qxe3 Be6 17.Nc4 Re7 18.a4 b6 19.a5 b5 20.Nd2 Rd8 21.Nd3 Red7 22.
Bc2 Rd6 23.Nc5 Bc8 24.Ndb3 Ne6 25.Nxe6 Bxe6 26.Nc5 Bc8 27.Qe2 Bf8 28.Nd3 
Be6 29.Nb2 a6 30.Rxd6 Rxd6 31.Bd3 c5 32.Qe1 cxb4 33.cxb4 Rd4 34.Rc1 Qd6 
35.Rd1 Qxb4 36.Qxb4 Rxb4 37.Bc2 1-0

[Event "VII Festival Magistrale"]
[Site "Montecatini Terme ITA"]
[Date "1998.08.07"]
[Round "7"]
[White "Zelcic, Robert"]
[Black "Franco Ocampos, Zenon"]
[Result "1/2-1/2"]
[WhiteElo "2585"]
[BlackElo "2485"]
[PlyCount "80"]
[EventDate "1998.08.01"]

1.e4 c5 2.Nf3 e6 3.d4 cxd4 4.Nxd4 a6 5.Nc3 Qc7 6.Be2 b5 7.O-O Bb7 8.Re1 
Nc6 9.a4 b4 10.Na2 Bd6 11.h3 Nf6 12.Nxc6 dxc6 13.Bf3 a5 14.c3 Nd7 15.cxb4 
axb4 16.Be3 O-O 17.b3 Ne5 18.Be2 c5 19.Qc2 Nc6 20.Rac1 Rfc8 21.Qb1 Qe7 22.
Red1 e5 23.Rxd6 Qxd6 24.Bxc5 Qg6 25.f3 h5 26.Rd1 Rd8 27.Kh1 Rxd1+ 28.Qxd1 
Rd8 29.Qc1 Nd4 30.Bc4 Ne6 31.Be3 Nf4 32.Bxf4 exf4 33.Qxf4 Rd7 34.Nxb4 Qb6 
35.Nd5 Bxd5 36.Bxd5 Qf2 37.h4 Kh8 38.Qg5 Kg8 39.Kh2 Rd6 40.Qxh5 Rg6 
1/2-1/2

[Event "VII Festival Magistrale"]
[Site "Montecatini Terme ITA"]
[Date "1998.08.08"]
[Round "8"]
[White "Arlandi, Ennio"]
[Black "Efimov, Igor"]
[Result "0-1"]
[WhiteElo "2440"]
[BlackElo "2530"]
[PlyCount "72"]
[EventDate "1998.08.01"]

1.d4 e6 2.c4 Nf6 3.Nc3 Bb4 4.Qc2 c5 5.dxc5 Bxc5 6.Bf4 Nh5 7.Bd2 O-O 8.e3 
f5 9.Be2 Nf6 10.Nh3 b6 11.a3 Bb7 12.f3 Nc6 13.O-O Rc8 14.b3 Qc7 15.Kh1 Ne5
16.Nb5 Qb8 17.Qb2 Ng6 18.Bb4 a6 19.Bxc5 bxc5 20.Nc3 Nh4 21.Rf2 d5 22.Rd1 
Rfd8 23.Nb1 h6 24.Nf4 d4 25.Nxe6 Re8 26.Nxd4 cxd4 27.exd4 Re3 28.d5 Rce8 
29.Bf1 f4 30.b4 Ba8 31.Kg1 Nf5 32.Nd2 Qa7 33.Nb3 Re1 34.Rxe1 Rxe1 35.Nc5 
Ne3 36.Qe5 a5 0-1

[Event "VII Festival Magistrale"]
[Site "Montecatini Terme ITA"]
[Date "1998.08.08"]
[Round "8"]
[White "Arnold, Johannes"]
[Black "Sarno, Spartaco"]
[Result "1/2-1/2"]
[WhiteElo "2325"]
[BlackElo "2365"]
[PlyCount "30"]
[EventDate "1998.08.01"]

1.d4 Nf6 2.c4 g6 3.Nc3 d5 4.Bf4 Bg7 5.e3 c5 6.dxc5 Qa5 7.Qa4+ Qxa4 8.Nxa4 
Ne4 9.f3 Bd7 10.fxe4 Bxa4 11.cxd5 Bxb2 12.Rb1 Bc3+ 13.Kf2 Nd7 14.Ne2 Bg7 
15.Rc1 Rc8 1/2-1/2

[Event "VII Festival Magistrale"]
[Site "Montecatini Terme ITA"]
[Date "1998.08.08"]
[Round "8"]
[White "De Waal, Ton"]
[Black "Riccio, Eros"]
[Result "1-0"]
[WhiteElo "2275"]
[BlackElo "2104"]
[PlyCount "56"]
[EventDate "1998.08.01"]

1.e4 g6 2.d4 Bg7 3.Nc3 d6 4.f4 Nf6 5.Nf3 c5 6.dxc5 Qa5 7.Bd3 Qxc5 8.Qe2 
Nc6 9.Be3 Qa5 10.O-O O-O 11.Kh1 a6 12.a3 b5 13.Qe1 Qc7 14.Qh4 e6 15.f5 Ne8
16.Ng5 h6 17.Nh3 Qe7 18.Qg3 Ne5 19.fxg6 Nxg6 20.Nf4 Qf6 21.Nxg6 Qxg6 22.
Qh4 f5 23.exf5 exf5 24.Nd5 Kh7 25.Ne7 Qf6 26.Nxf5 Bxf5 27.Rxf5 Qxf5 28.
Bxf5+ Rxf5 1-0

[Event "VII Festival Magistrale"]
[Site "Montecatini Terme ITA"]
[Date "1998.08.08"]
[Round "8"]
[White "Dekker, Bart"]
[Black "Iudicello, Giovanni"]
[Result "1/2-1/2"]
[WhiteElo "2195"]
[BlackElo "2098"]
[PlyCount "24"]
[EventDate "1998.08.01"]

1.e4 e5 2.Nf3 Nc6 3.Nc3 Nf6 4.Bb5 Bc5 5.d3 h6 6.h3 a6 7.Bxc6 dxc6 8.Ne2 
Qe7 9.Bd2 Bd7 10.Bc3 Bd6 11.Qd2 c5 12.b3 Nh7 1/2-1/2

[Event "VII Festival Magistrale"]
[Site "Montecatini Terme ITA"]
[Date "1998.08.08"]
[Round "8"]
[White "Drei, Andrea"]
[Black "Ranieri, Fabrizio"]
[Result "1-0"]
[WhiteElo "2340"]
[BlackElo "2165"]
[PlyCount "22"]
[EventDate "1998.08.01"]

1.e4 e6 2.d4 d5 3.Nc3 Bb4 4.exd5 exd5 5.Bd3 Ne7 6.Qf3 Nbc6 7.Ne2 Be6 8.O-O
Qd7 9.a3 Ba5 10.Na4 Nxd4 11.Nxd4 Qxa4 1-0

[Event "VII Festival Magistrale"]
[Site "Montecatini Terme ITA"]
[Date "1998.08.08"]
[Round "8"]
[White "Franco Ocampos, Zenon"]
[Black "Greenfeld, Alon"]
[Result "1/2-1/2"]
[WhiteElo "2485"]
[BlackElo "2535"]
[PlyCount "21"]
[EventDate "1998.08.01"]

1.d4 Nf6 2.Nf3 g6 3.c4 Bg7 4.Nc3 d5 5.cxd5 Nxd5 6.e4 Nxc3 7.bxc3 c5 8.Be3 
Qa5 9.Qd2 O-O 10.Rc1 cxd4 11.cxd4 1/2-1/2

[Event "VII Festival Magistrale"]
[Site "Montecatini Terme ITA"]
[Date "1998.08.08"]
[Round "8"]
[White "Grosar, Kiti"]
[Black "Barni, Paolo"]
[Result "0-1"]
[WhiteElo "2290"]
[BlackElo "1902"]
[PlyCount "76"]
[EventDate "1998.08.01"]

1.e4 c5 2.Nf3 Nc6 3.d4 cxd4 4.Nxd4 Nf6 5.Nc3 d6 6.Bc4 g6 7.Be3 Bg7 8.f3 
O-O 9.Qd2 Bd7 10.g4 Qa5 11.O-O-O Rfc8 12.Bb3 Ne5 13.Kb1 b5 14.h4 Nc4 15.
Bxc4 bxc4 16.h5 Rab8 17.Ka1 Qb4 18.Rb1 Rb6 19.hxg6 fxg6 20.Qh2 Ra6 21.Rbd1
Rb8 22.Bc1 Qa5 23.Nde2 Be6 24.a3 Qb6 25.Nd4 Bf7 26.Qh4 Kf8 27.Qe1 Kg8 28.
Qe3 Nd7 29.Ndb5 Nc5 30.f4 Ra5 31.Nd4 Nd3 32.Rxd3 cxd3 33.e5 dxe5 34.fxe5 
Bxe5 35.Qh6 Bxd4 36.Qxh7+ Kf8 37.Bh6+ Ke8 38.Rf1 Qxb2# 0-1

[Event "VII Festival Magistrale"]
[Site "Montecatini Terme ITA"]
[Date "1998.08.08"]
[Round "8"]
[White "Guido, Flavio"]
[Black "Kleibaumhueter, Klaus"]
[Result "0-1"]
[WhiteElo "2355"]
[BlackElo "2185"]
[PlyCount "36"]
[EventDate "1998.08.01"]

1.e4 e6 2.d4 d5 3.e5 c5 4.c3 Nc6 5.Nf3 Bd7 6.Be2 f6 7.O-O fxe5 8.Nxe5 Nxe5
9.dxe5 Qc7 10.c4 d4 11.Bf4 O-O-O 12.Nd2 Bc6 13.Bd3 g5 14.Bxg5 Qg7 15.Qg4 
h6 16.Qxe6+ Bd7 17.Qd5 hxg5 18.Be4 Bg4 0-1

[Event "VII Festival Magistrale"]
[Site "Montecatini Terme ITA"]
[Date "1998.08.08"]
[Round "8"]
[White "Mariotti, Sergio"]
[Black "Genocchio, Daniele"]
[Result "1/2-1/2"]
[WhiteElo "2365"]
[BlackElo "2195"]
[PlyCount "24"]
[EventDate "1998.08.01"]

1.e4 e5 2.Nf3 Nc6 3.Bc4 Bc5 4.d3 d6 5.Nc3 Nf6 6.Bg5 h6 7.Bxf6 Qxf6 8.Nd5 
Qd8 9.c3 Bg4 10.h3 Bh5 11.Qe2 a6 12.Bb3 O-O 1/2-1/2

[Event "VII Festival Magistrale"]
[Site "Montecatini Terme ITA"]
[Date "1998.08.08"]
[Round "8"]
[White "Mordiglia, Riccardo"]
[Black "Belotti, Bruno"]
[Result "0-1"]
[WhiteElo "2120"]
[BlackElo "2430"]
[PlyCount "40"]
[EventDate "1998.08.01"]

1.Nc3 g6 2.e4 Bg7 3.d4 d6 4.f4 Nf6 5.e5 Nfd7 6.Nf3 O-O 7.h4 c5 8.d5 dxe5 
9.h5 Qa5 10.hxg6 hxg6 11.Kf2 c4 12.Be3 exf4 13.Bxf4 Nf6 14.Ne5 Qb6+ 15.Be3
Qc7 16.Nxc4 Ng4+ 17.Kf3 b5 18.Nxb5 Qd7 19.Nc3 Qf5+ 20.Kg3 Nxe3 0-1

[Event "VII Festival Magistrale"]
[Site "Montecatini Terme ITA"]
[Date "1998.08.08"]
[Round "8"]
[White "Naumkin, Igor"]
[Black "Zelcic, Robert"]
[Result "1-0"]
[WhiteElo "2475"]
[BlackElo "2585"]
[PlyCount "77"]
[EventDate "1998.08.01"]

1.d4 Nf6 2.c4 e6 3.Nf3 Bb4+ 4.Bd2 Qe7 5.g3 Nc6 6.Nc3 O-O 7.Qc2 b6 8.Bg2 
Bb7 9.O-O Na5 10.b3 Rac8 11.Rfe1 c5 12.e4 cxd4 13.Nxd4 Bc5 14.Nf3 Ng4 15.
Re2 Nc6 16.h3 Nge5 17.Nxe5 Nxe5 18.Rd1 f5 19.Bf4 Ng6 20.exf5 Nxf4 21.gxf4 
Bxg2 22.Kxg2 Qh4 23.Rxd7 exf5 24.Nd5 Rc6 25.Qc3 Rg6+ 26.Kf1 Kh8 27.b4 Bxf2
28.Rxf2 Rg3 29.Qe5 Qh5 30.Ne3 Re8 31.Qxf5 Qh6 32.Re7 Rg8 33.Re6 Qh4 34.Ng2
Qd8 35.Qd5 Qc8 36.Rfe2 Rxh3 37.c5 Qa6 38.c6 Rd3 39.Qe4 1-0

[Event "VII Festival Magistrale"]
[Site "Montecatini Terme ITA"]
[Date "1998.08.08"]
[Round "8"]
[White "Taeger, Torsten"]
[Black "Mantovani, Renzo"]
[Result "0-1"]
[WhiteElo "2160"]
[BlackElo "2380"]
[PlyCount "34"]
[EventDate "1998.08.01"]

1.e4 c5 2.Nc3 Nc6 3.g3 g6 4.Bg2 Bg7 5.d3 d6 6.f4 e6 7.Nf3 Nge7 8.O-O Rb8 
9.Ne2 O-O 10.c3 b6 11.Be3 Ba6 12.Kh1 Qd7 13.Qd2 d5 14.Rfd1 dxe4 15.dxe4 
Qxd2 16.Rxd2 Rfd8 17.Rad1 Bxe2 0-1

[Event "VII Festival Magistrale"]
[Site "Montecatini Terme ITA"]
[Date "1998.08.08"]
[Round "8"]
[White "Vujovic, Milorad"]
[Black "Khmelnitsky, Sergei"]
[Result "0-1"]
[WhiteElo "2275"]
[BlackElo "2395"]
[PlyCount "62"]
[EventDate "1998.08.01"]

1.c4 Nf6 2.Nc3 g6 3.d4 Bg7 4.e4 d6 5.f3 O-O 6.Be3 Nc6 7.Qd2 a6 8.g4 Rb8 9.
d5 Ne5 10.h3 e6 11.Bg5 b5 12.cxb5 axb5 13.f4 b4 14.Nd1 Ned7 15.dxe6 fxe6 
16.Bc4 Qe8 17.Qe2 d5 18.exd5 exd5 19.Bxf6 Nxf6 20.Bd3 c5 21.Nf3 c4 22.Bc2 
Qd8 23.Nd4 Qb6 24.Rh2 Qa5 25.Qd2 Re8+ 26.Re2 Rxe2+ 27.Kxe2 Ba6 28.Kf3 Re8 
29.Ne2 Qb6 30.Kg2 Qe6 31.Ng1 Nxg4 0-1

[Event "VII Festival Magistrale"]
[Site "Montecatini Terme ITA"]
[Date "1998.08.09"]
[Round "9"]
[White "Contin, Daniel"]
[Black "Simons, Rudy"]
[Result "1-0"]
[WhiteElo "2340"]
[BlackElo "2105"]
[PlyCount "53"]
[EventDate "1998.08.01"]

1.c4 f5 2.g3 Nf6 3.Bg2 g6 4.Nc3 Bg7 5.d3 O-O 6.Bg5 Nc6 7.Rb1 a5 8.Qd2 e5 
9.h4 Ne7 10.Nf3 d6 11.h5 c6 12.hxg6 Nxg6 13.Nh4 Qe8 14.b4 axb4 15.Rxb4 Ng4
16.Na4 Nxh4 17.Rxh4 e4 18.Nb6 exd3 19.Qxd3 Rxa2 20.Nxc8 Bc3+ 21.Kf1 Bxb4 
22.Ne7+ Kh8 23.Qd4+ Ne5 24.Rxh7+ Kxh7 25.Qh4+ Kg7 26.Qh6+ Kf7 27.Qf6# 1-0

[Event "VII Festival Magistrale"]
[Site "Montecatini Terme ITA"]
[Date "1998.08.09"]
[Round "9"]
[White "Dervishi, Erald"]
[Black "Badea, Bela"]
[Result "1/2-1/2"]
[WhiteElo "2430"]
[BlackElo "2530"]
[PlyCount "26"]
[EventDate "1998.08.01"]

1.e4 d6 2.d4 c6 3.Nf3 g6 4.Nc3 Bg7 5.Bc4 Nf6 6.a4 O-O 7.O-O d5 8.Bd3 dxe4 
9.Nxe4 Nbd7 10.c3 Nxe4 11.Bxe4 c5 12.dxc5 Nxc5 13.Bc2 Be6 1/2-1/2

[Event "VII Festival Magistrale"]
[Site "Montecatini Terme ITA"]
[Date "1998.08.09"]
[Round "9"]
[White "Dorin, Mauricio"]
[Black "Vujovic, Milorad"]
[Result "1-0"]
[WhiteElo "2360"]
[BlackElo "2275"]
[PlyCount "77"]
[EventDate "1998.08.01"]

1.e4 c5 2.c3 d6 3.d4 Nf6 4.f3 Nbd7 5.Be3 g6 6.dxc5 dxc5 7.Na3 Bg7 8.Nc4 
Qc7 9.a4 b6 10.Qd2 O-O 11.Bf4 e5 12.Bg5 Rd8 13.Qd6 Qxd6 14.Nxd6 Nf8 15.
Nxc8 Raxc8 16.Bc4 h6 17.Be3 Rd6 18.Nh3 Rcd8 19.Ke2 g5 20.g4 Ng6 21.Rhd1 
Bf8 22.Rxd6 Rxd6 23.a5 Be7 24.axb6 axb6 25.Bb5 Nf4+ 26.Nxf4 gxf4 27.Bf2 h5
28.g5 Nh7 29.h4 Nf8 30.Ra7 Bd8 31.Be8 f6 32.g6 Ne6 33.Rh7 Ng7 34.Bf7+ Kf8 
35.Rh8+ Ke7 36.Rg8 Ne6 37.Re8+ Kd7 38.Rxe6 Rxe6 39.g7 1-0

[Event "VII Festival Magistrale"]
[Site "Montecatini Terme ITA"]
[Date "1998.08.09"]
[Round "9"]
[White "Fassio, Luca"]
[Black "Vebic, Kasem"]
[Result "1-0"]
[WhiteElo "1900"]
[BlackElo "2215"]
[PlyCount "78"]
[EventDate "1998.08.01"]

1.e4 Nc6 2.d4 e5 3.c3 Nf6 4.f3 Nxe4 5.fxe4 Qh4+ 6.Ke2 exd4 7.cxd4 d5 8.Nf3
Qxe4+ 9.Be3 f5 10.Nc3 Qe6 11.Kf2 Bd6 12.Bb5 f4 13.Bd2 O-O 14.Re1 Qf5 15.
Bxc6 bxc6 16.Rc1 Qh5 17.Kg1 Bg4 18.Qe2 Rae8 19.Qf2 c5 20.dxc5 Bxf3 21.Qxf3
Bxc5+ 22.Kh1 Rxe1+ 23.Rxe1 Qxf3 24.gxf3 c6 25.Re6 Be3 26.Bxe3 fxe3 27.Kg2 
d4 28.Nd1 Rb8 29.b3 g5 30.Kf1 c5 31.Ke2 a5 32.Re5 a4 33.Rxg5+ Kf7 34.Rxc5 
axb3 35.axb3 Rxb3 36.Rc4 Ra3 37.Rxd4 Ra2+ 38.Kxe3 Rxh2 39.Nf2 h5 1-0

[Event "VII Festival Magistrale"]
[Site "Montecatini Terme ITA"]
[Date "1998.08.09"]
[Round "9"]
[White "Ragonese, Lucio Rosario"]
[Black "Pernigotti, Carlo"]
[Result "1-0"]
[WhiteElo "2035"]
[BlackElo "1903"]
[PlyCount "25"]
[EventDate "1998.08.01"]

1.d4 Nf6 2.Nf3 d5 3.Bg5 e6 4.Nbd2 c5 5.e3 Nbd7 6.c3 Be7 7.Bd3 b6 8.Qa4 O-O
9.Ne5 Nxe5 10.dxe5 Ne4 11.Bxe7 Qxe7 12.Nxe4 Bd7 13.Nf6+ 1-0

[Event "VII Festival Magistrale"]
[Site "Montecatini Terme ITA"]
[Date "1998.08.09"]
[Round "9"]
[White "Zelcic, Robert"]
[Black "Manca, Federico"]
[Result "1/2-1/2"]
[WhiteElo "2585"]
[BlackElo "2380"]
[PlyCount "33"]
[EventDate "1998.08.01"]

1.e4 d6 2.d4 Nf6 3.Nc3 g6 4.Bg5 c6 5.Qd2 Qb6 6.O-O-O Nbd7 7.e5 dxe5 8.dxe5
Nxe5 9.Bxf6 exf6 10.Ne4 Be7 11.f4 Ng4 12.h3 Ne3 13.Re1 Nxf1 14.Nxf6+ Kf8 
15.Qc3 Qb4 16.Nd7+ Kg8 17.Nf6+ 1/2-1/2

[Event "I Festival Sant'Anna Magistrale"]
[Site "Pisignano - Vernole ITA"]
[Date "1998.07.??"]
[Round "1"]
[White "Andreoli, Mark"]
[Black "Naumkin, Igor"]
[Result "0-1"]
[WhiteElo "2035"]
[BlackElo "2475"]
[PlyCount "77"]
[EventDate "1998.07.27"]

1. e4 e6 2. d4 d5 3. exd5 exd5 4. Bd3 c5 5. dxc5 Bxc5 6. Nf3 Nf6 7. O-O O-O 8.
Bg5 Nc6 9. h3 h6 10. Bh4 Qd6 11. Bxf6 Qxf6 12. Nc3 Be6 13. Be2 Rfd8 14. Nb5
Rac8 15. c3 d4 16. Nbxd4 Nxd4 17. cxd4 Bxd4 18. Qa4 Bxb2 19. Rad1 a6 20. Rxd8+
Rxd8 21. Rd1 Rxd1+ 22. Bxd1 g6 23. Bb3 Bf5 24. Qf4 Kg7 25. h4 b5 26. Qc7 Be6
27. Bxe6 Qxe6 28. Qa5 Qc6 29. Qb4 Bc3 30. Qb1 Qd5 31. Qc2 Bf6 32. Qe2 a5 33. g3
b4 34. Kg2 a4 35. Qc2 b3 36. axb3 axb3 37. Qb1 h5 38. Qe1 b2 39. Qb1 0-1

[Event "I Festival Sant'Anna Magistrale"]
[Site "Pisignano - Vernole ITA"]
[Date "1998.07.??"]
[Round "1"]
[White "Barro, Carlo"]
[Black "Loncar, Robert"]
[Result "0-1"]
[WhiteElo "1948"]
[BlackElo "2410"]
[PlyCount "96"]
[EventDate "1998.07.27"]

1. Nf3 Nf6 2. g3 g6 3. Bg2 Bg7 4. O-O O-O 5. d3 d6 6. h3 e5 7. e4 Re8 8. Nbd2
Nbd7 9. Qe2 Nc5 10. a4 a5 11. Nc4 d5 12. Ncd2 dxe4 13. dxe4 b6 14. Re1 Bb7 15.
Qc4 Nfd7 16. Ra3 Ne6 17. Nf1 Ndc5 18. g4 Qe7 19. Ng3 Rad8 20. Bf1 Nd4 21. Kg2
Rd6 22. Rc3 Nxf3 23. Rxf3 Rd4 24. Qe2 Nxe4 25. Nxe4 Rxe4 26. Qxe4 Bxe4 27. Rxe4
Qd7 28. Bc4 Rf8 29. Rd3 Qc6 30. f3 Kh8 31. Bb3 f5 32. Rc4 Qf6 33. g5 Qe7 34.
Rc6 f4 35. h4 e4 36. Re6 Qxe6 37. Bxe6 exd3 38. cxd3 Bd4 39. Bd5 Kg7 40. b3 h6
41. Ba3 c5 42. Bc1 hxg5 43. hxg5 Rf5 44. Be6 Rxg5+ 45. Bg4 Be3 46. Bxe3 fxe3
47. Kf1 Rxg4 48. fxg4 Kf6 0-1